National Health Programmes (Record no. 157170)

MARC details
000 -LEADER
fixed length control field 00241nam a2200097Ia 4500
008 - FIXED-LENGTH DATA ELEMENTS--GENERAL INFORMATION
fixed length control field 230411s9999 xx 000 0 und d
041 ## - LANGUAGE CODE
Language code of text/sound track or separate title eng
082 ## - DEWEY DECIMAL CLASSIFICATION NUMBER
Classification number CH/610/KIS/B06916
100 ## - MAIN ENTRY--PERSONAL NAME
Personal name Kishore J
9 (RLIN) 178206
245 ## - TITLE STATEMENT
Title National Health Programmes
Holdings
Withdrawn status Lost status Damaged status Not for loan Home library Current library Date acquired Vendor Cost, normal purchase price Shelving control number Total Checkouts Full call number Barcode Date last seen Date last checked out Cost, replacement price Bill Date Koha item type Original Barcode
        Smt. Bakul Tambat Institute of Nursing Education Smt. Bakul Tambat Institute of Nursing Education 26/12/2011 B.J.Medical Co-oprative College Stores 750.00 2 1 CH 610 KIS B06916 BTIN-BK-6916 16/08/2024 29/07/2024 675.00 11/04/2023 Books B06916